• 首页
  • 本馆介绍
  • 公告通知
  • 最新文献
  • 馆藏检索
  • 电子资源
  • 读者导购
  • 参考咨询
  • 我的图书馆
  • 登录
  • 详细信息显示
  • 放入我的书架
  • 预约/预借图书
  • 作者相关作品
  • 分类相关作品
  • 丛书相关作品
  • 出版社相关作品

书目信息

  • 表格格式
  • 工作单格式
  • 卡片格式
题名:
数据库基础及应用 (Visual FoxPro) 实践教程
    
 
作者: 雷莉霞 , 吴昊 主编
分册:  
出版信息: 北京   国家行政学院出版社  2018
页数: 209页
开本: 26cm
丛书名:
单 册:
中图分类: TP311.138-43
科图分类:
主题词: 关系数据库--guan xi shu ju ku--数据库管理系统--高等学校--教材
电子资源:
ISBN: 978-7-5150-2220-8
000 01121nam0 2200277 450
001 012001001378
005 20140108083812.0
010    @a978-7-5150-2220-8@dCNY32.00
099    @aCAL 012019054079
100    @a20190410d2018 em y0chiy50 ea
101 0  @achi
102    @aCN@b110000
105    @aak a 000yy
106    @ar
200 1  @a数据库基础及应用 (Visual FoxPro) 实践教程@Ashu ju ku ji chu ji ying yong (visual foxpro) shi jian jiao cheng@f主编雷莉霞, 吴昊
210    @a北京@c国家行政学院出版社@d2018
215    @a209页@c图@d26cm
300    @a普通高等院校“十三五”创新型规划教材
320    @a有书目 (第209页)
330    @a本书是《数据库基础及应用(Visual FoxPro)教程》的配套教材,里面有丰富的实验示例和习题。本书内容安排合理,讲解通俗易懂,注重了系统性和实践性,在培养和训练学生计算思维能力和实际动手能力方面,具有很强的实用性和可操作性。
606 0  @a关系数据库@Aguan xi shu ju ku@x数据库管理系统@x高等学校@j教材
690    @aTP311.138-43@v5
701  0 @a雷莉霞@Alei li xia@4主编
701  0 @a吴昊@Awu hao@4主编
801  0 @aCN@b北京卓展@c20191020
905    @b1201822-5@dTP311.138-43@e1378@f4
    
    数据库基础及应用 (Visual FoxPro) 实践教程/主编雷莉霞, 吴昊.-北京:国家行政学院出版社,2018
    209页:图;26cm
    普通高等院校“十三五”创新型规划教材
    
    ISBN 978-7-5150-2220-8:CNY32.00
    本书是《数据库基础及应用(Visual FoxPro)教程》的配套教材,里面有丰富的实验示例和习题。本书内容安排合理,讲解通俗易懂,注重了系统性和实践性,在培养和训练学生计算思维能力和实际动手能力方面,具有很强的实用性和可操作性。
●
相关链接 在E读中查询图书 在五车中查询图书 在当当中查询图书 在豆瓣中查询图书


正题名:数据库基础及应用 (Visual FoxPro) 实践教程     索取号:TP311.138-43/1378         预约/预借

序号 登录号 条形码 馆藏地/架位号 状态 备注
1 1201822   212018225   第二样本阅览室/ [索取号:TP311.138-43/1378] 在馆    
2 1201823   212018234   第三借阅区/ [索取号:TP311.138-43/1378] 在馆    
3 1201824   212018243   第三借阅区/ [索取号:TP311.138-43/1378] 在馆    
4 1201825   212018252   第三借阅区/ [索取号:TP311.138-43/1378] 在馆    
唐山师范学院图书馆 欢迎您!
大连网信软件有限公司© 版权所有